| 000 | 00416nam a22001577a 4500 | ||
|---|---|---|---|
| 003 | OSt | ||
| 008 | 210914b ||||| |||| 00| 0 eng d | ||
| 020 | _a9789389130102 | ||
| 082 |
_a630.2 _bJAI/CO |
||
| 100 |
_aJaisridher,p _95012 |
||
| 100 |
_asurudhi,M _95013 |
||
| 245 | _aCommunication Technologies In Agriculture | ||
| 260 |
_aNew Delhi _bNew India Publishing Agency _c2020 |
||
| 300 | _a202 Pages | ||
| 942 | _cBK | ||
| 999 |
_c17416 _d17416 |
||